| 000 | 00509nam a2200181Ia 4500 | ||
|---|---|---|---|
| 008 | 230714s9999 xx 000 0 und d | ||
| 020 | _a9790000000000 | ||
| 041 | _aeng | ||
| 082 |
_a621.402'1 _bRAJ |
||
| 100 |
_aRajput R.K. _9137180 |
||
| 245 | _aTextbook Of Engineering Thermodynamics (SI Units) | ||
| 250 | _a5th ed. | ||
| 260 |
_c2017 _bLaxmi Pubications |
||
| 300 | _a959 | ||
| 365 |
_cRs. _b825.00 |
||
| 700 |
_aRajput R.K. _9137180 |
||
| 906 |
_dO:0580926-Dec-2017B:SE/SI/461213-Dec-2017 _cSM _b1485 |
||
| 999 |
_c222055 _d222055 |
||